000 00686nam a2200205 i 4500
001 74450
003 ES-MaACL
005 20250815085444.0
007 t|
008 040920s1952 sp ||||1| spa d
100 1 _aGonzález Martínez, José.
_958794
245 1 0 _aExistencialismo, dinero y ética
_b: (con otros ensayos sobre vivencias y observaciones de un médico) /
_cJosé González Martínez.
250 _a1ª ed.
260 _aMadrid :
_bMorata,
_c1952 (
_fClemares)
300 _aVIII, 315 p. ;
_c21 cm.
490 1 _aCiencias biológicas
830 0 0 _aCiencias biológicas (Morata)
_9220629
852 _aES-MaACL
_jD-6941
_bR.32106
999 _c74450
_d74450